000 00503nam a2200181Ia 4500
005 20250326124158.0
008 250326s9999 xx 000 0 und d
037 _aTextbook
040 _aFMSL
_beng
_cFMSL
041 _aeng
_2eng
084 _aX:51 L1;1
_qFMSL
100 _aNarver J C
_9736920
245 0 _aMarketing economy
_cNarver J C; Savitt R
260 _aNY Holt
_bNY Holt, Rinehart And Winston
_c1971
300 _a432p
942 _cTB
_hX:51 L1;1
999 _c1272612
_d1272612